Hodnotové aspekty interkulturní komunikace

Saved in:
Bibliographic Details
Main Author: Hes, Aleš
Format: Book
Language:Czech
English
Published: Praha Vysoká škola finanční a správní 2014
Subjects:
Tags: Add Tag
No Tags, Be the first to tag this record!

MARC

LEADER 00000nam a2200000 4500
001 0221610
005 20240313085840.9
020 |a 978-80-7408-108-8 
041 0 |a cze 
041 0 |a eng 
044 |a CZ 
245 1 0 |a Hodnotové aspekty interkulturní komunikace  |c Aleš Hes a kol. 
264 1 |a Praha  |b Vysoká škola finanční a správní  |c 2014 
300 |a 64 s, 
610 2 0 |a spoločnosť 
610 2 0 |a štát 
610 2 0 |a globalizácia 
610 2 0 |a integrácia 
610 2 0 |a pohyb síl pracovných medzinárodný 
610 2 0 |a multikulturalizmus 
610 2 0 |a cudzinci 
610 2 0 |a správanie sociálne 
610 2 0 |a vzťahy interkultúrne 
610 2 0 |a komunikácia interkultúrna 
610 2 0 |a mládež 
610 2 0 |a štýl životný 
610 2 0 |a školy vysoké 
610 2 0 |a spoločnosť konzumná 
610 2 0 |a Česko 
610 2 0 |a Európa 
100 1 |a Hes, Aleš